000 00860nam a2200241Ia 4500
003 GCL
008 140319s9999 xx 000 0 ara d
020 _a8606086977
040 _aGCL /
_cGCL
082 0 4 _a214
_bأ ت
100 1 _aاحمد ابراهيم عطية
245 1 0 _aتجديد الخطاب الدينى فى ضوء فكر مبارك /
_cاحمد ابراهيم عطية
250 _aالاولى
260 _aالقاهرة :
_bالدار العالمية للنشر والتوزيع ،
_c2005
300 _a274 ص ؛
_c24 سم
650 0 4 _aالارهاب
650 0 4 _aالثقافة الاسلامية
650 0 4 _aالاسلام والسياسة
650 0 4 _aالخطابة الدينية
650 0 4 _aحقوق الانسان-البلدان العربية
650 0 4 _aالمرأة فى الاسلام
942 _2ddc
_cBK
999 _c57585
_d57585